| 000 | 00925nam0a22003011 4500 | ||
|---|---|---|---|
| 001 | RU\INFOCOMM_327\NLR\5000053782 | ||
| 005 | 20250613111500.0 | ||
| 035 | _a(NLR Aleph) 009589150 | ||
| 090 |
_a9239788 _c9239788 |
||
| 100 | _a20130311d1976 |||y0rusy50 ca | ||
| 101 | 0 | _aeng | |
| 102 | _aRU | ||
| 105 | _ay z ||||| | ||
| 200 | 1 |
_aFeeding of Octopus vulgaris Lam. from the North-west African coast _fCh. M. Nigmatullin, A. A. Ostapenko |
|
| 210 |
_aM. _d[1976] |
||
| 215 |
_a16 с. _cграф. _d20 см |
||
| 225 | 1 |
_aC. M. _fShellfish and benthos comm. _v1976 / K : 6 |
|
| 320 | _aБиблиогр.: с. 12 | ||
| 620 | _aМосква | ||
| 686 |
_aЕ681.35 _2rubbk |
||
| 700 | 1 |
_9z01790 _aNigmatullin _bC. M. |
|
| 701 | 1 |
_aOstapenko _bA. A. |
|
| 790 | 1 |
_9z01700 _aNigmatullin _bCh. M. _4070 |
|
| 801 | 1 |
_aRU _bInfocomm _c20130311 |
|
| 801 | 0 |
_aRU _bINFOCOMM _gPSBO |
|
| 852 |
_aNLR _jЗ01 Д-4/26 |
||
| 942 | _cBOOK | ||
| 980 | _aNB | ||